[Event "Camp. Arg. 83 - Semifinal (La Plata)"]
[Site "Calle 46 - No. 581 (La Plata)"]
[Date "2008.07.21"]
[Round "1.1"]
[White "Mahia, Gustavo"]
[Black "Lo Presti, Roberto Oscar"]
[Result "1-0"]
[WhiteElo "2441"]
[BlackElo "2122"]
[PlyCount "101"]
[EventDate "2008.07.21"]

1. d4 Nf6 2. c3 e6 3. Bg5 Be7 4. Nd2 b6 5. e4 Bb7 6. Bd3 c5 7. Ngf3 cxd4 8.
cxd4 Nc6 9. O-O h6 10. Bxf6 Bxf6 11. e5 Be7 12. a3 d6 13. Rc1 O-O 14. Qe2 dxe5
15. dxe5 Rc8 16. Qe4 g6 17. Bb5 Qd5 18. Qxd5 exd5 19. Rfd1 a6 20. Bf1 Bg5 21.
h4 Bxd2 22. Nxd2 Nxe5 23. Nb3 Rxc1 24. Rxc1 Rc8 25. Re1 Nc4 26. Re7 Bc6 27. Nd4
b5 28. h5 gxh5 29. Ra7 Nxb2 30. Rxa6 Be8 31. Nxb5 Bxb5 32. Bxb5 Rc1+ 33. Kh2
Kg7 34. Kg3 d4 35. a4 Rc5 36. Rd6 d3 37. Kf3 Nc4 38. Rd4 d2 39. g3 Rf5+ 40. Kg2
Na3 41. Bd7 Ra5 42. Rxd2 Kf6 43. Rd3 Nc4 44. Bb5 Ne5 45. Rd6+ Kg7 46. f4 Ng4
47. Ra6 Rxa6 48. Bxa6 Kf8 49. Kh3 Ke7 50. Kh4 Nf6 51. Be2 1-0

[Event "Camp. Arg. 83 - Semifinal (La Plata)"]
[Site "Calle 46 - No. 581 (La Plata)"]
[Date "2008.07.21"]
[Round "1.2"]
[White "Amed, Stephanie"]
[Black "Alonso, Salvador"]
[Result "1/2-1/2"]
[WhiteElo "2099"]
[BlackElo "2437"]
[PlyCount "57"]
[EventDate "2008.07.21"]

1. e4 c5 2. Nf3 Nc6 3. d4 cxd4 4. Nxd4 g6 5. c4 Bg7 6. Be3 Nf6 7. Nc3 O-O 8.
Be2 d6 9. O-O Bd7 10. Qd2 Nxd4 11. Bxd4 Bc6 12. Bd3 a5 13. b3 Nd7 14. Bxg7 Kxg7
15. Rae1 e5 16. Bb1 Nc5 17. Rd1 Ne6 18. Ne2 Qg5 19. Qc3 Qf6 20. Kh1 Rfd8 21. f3
h5 22. a3 b5 23. Bd3 Rdb8 24. cxb5 Bxb5 25. Bxb5 Rxb5 26. Rxd6 Rab8 27. Rb1 Rd8
28. Rbd1 Rdb8 29. Rb1 1/2-1/2

[Event "Camp. Arg. 83 - Semifinal (La Plata)"]
[Site "Calle 46 - No. 581 (La Plata)"]
[Date "2008.07.21"]
[Round "1.3"]
[White "Pierrot, Facundo"]
[Black "Lohidoy, Bernardo"]
[Result "1-0"]
[WhiteElo "2421"]
[BlackElo "2091"]
[PlyCount "63"]
[EventDate "2008.07.21"]

1. e4 c5 2. Nf3 d6 3. d4 cxd4 4. Nxd4 Nf6 5. Nc3 a6 6. Be2 e5 7. Nb3 Be6 8. f4
exf4 9. Bxf4 Nc6 10. Qd2 d5 11. exd5 Nxd5 12. Nxd5 Qxd5 13. O-O-O Qxd2+ 14.
Rxd2 Be7 15. Bf3 O-O 16. Re1 Rfd8 17. Bxc6 Rxd2 18. Bxd2 bxc6 19. Nd4 Rc8 20.
Nxe6 fxe6 21. Rxe6 Kf7 22. Re4 Bd6 23. h3 Re8 24. Rxe8 Kxe8 25. c4 Ke7 26. Kc2
Ke6 27. Kd3 g6 28. Ke4 Be5 29. b4 Bb2 30. a4 Kd6 31. Bf4+ Ke6 32. b5 1-0

[Event "Camp. Arg. 83 - Semifinal (La Plata)"]
[Site "Calle 46 - No. 581 (La Plata)"]
[Date "2008.07.21"]
[Round "1.4"]
[White "Gallego, Gonzalo"]
[Black "Hobaica, Juan Pablo"]
[Result "1/2-1/2"]
[WhiteElo "2070"]
[BlackElo "2417"]
[PlyCount "44"]
[EventDate "2008.07.21"]

1. e4 c5 2. Nf3 e6 3. d3 d5 4. Nbd2 Nc6 5. g3 g6 6. Bg2 Bg7 7. O-O Nge7 8. c3
b6 9. Re1 a5 10. Nf1 Ra7 11. e5 Qc7 12. Bf4 h6 13. h4 a4 14. Ne3 a3 15. b3 g5
16. hxg5 hxg5 17. Bxg5 Nxe5 18. Bxe7 Nxf3+ 19. Qxf3 Qxe7 20. Nxd5 Qd8 21. Rac1
Rd7 22. Nf4 Rd6 1/2-1/2

[Event "Camp. Arg. 83 - Semifinal (La Plata)"]
[Site "Calle 46 - No. 581 (La Plata)"]
[Date "2008.07.21"]
[Round "1.5"]
[White "Claverie, Raul Ricardo"]
[Black "Sanchez, Cristian"]
[Result "1-0"]
[WhiteElo "2378"]
[BlackElo "2065"]
[PlyCount "71"]
[EventDate "2008.07.21"]

1. e4 e6 2. d3 d5 3. Nd2 c5 4. Ngf3 Nc6 5. g3 Bd6 6. Bg2 Nge7 7. O-O O-O 8. Nh4
f5 9. f4 Rb8 10. a4 a6 11. Kh1 b5 12. axb5 axb5 13. exd5 exd5 14. Re1 Qd7 15.
Ndf3 Bb7 16. d4 cxd4 17. Nxd4 Nxd4 18. Qxd4 Rbc8 19. Qd3 b4 20. Nf3 Qc7 21. Nd4
Rfe8 22. b3 Qc3 23. Qxc3 bxc3 24. Ra7 Ng6 25. Rd1 Bc5 26. Rxb7 Bxd4 27. Bxd5+
Kh8 28. Bc4 Bc5 29. Rb5 Nf8 30. Kg2 h6 31. Rd5 Re1 32. Rdxc5 Rxc5 33. Rxc5 Rxc1
34. Rc8 Rxc2+ 35. Kh3 Kh7 36. Rxf8 1-0

[Event "Camp. Arg. 83 - Semifinal (La Plata)"]
[Site "Calle 46 - No. 581 (La Plata)"]
[Date "2008.07.21"]
[Round "1.6"]
[White "Sandrone, Mauricio"]
[Black "Tristan, Leonardo"]
[Result "0-1"]
[WhiteElo "2062"]
[BlackElo "2366"]
[PlyCount "100"]
[EventDate "2008.07.21"]

1. d4 Nf6 2. c4 e6 3. Nc3 Bb4 4. e3 b6 5. Nge2 Bb7 6. a3 Bxc3+ 7. Nxc3 d5 8.
cxd5 exd5 9. Bd3 O-O 10. O-O c5 11. Re1 Re8 12. Bd2 Nc6 13. Ne2 c4 14. Bf5 b5
15. Ng3 a5 16. Qf3 Bc8 17. Bxc8 Qxc8 18. Nf5 Ne4 19. Red1 Re6 20. g4 Rf6 21.
Qg2 g6 22. Nh6+ Kg7 23. f3 Nxd2 24. Rxd2 Re6 25. Nf5+ Kh8 26. e4 gxf5 27. exd5
Rg6 28. dxc6 fxg4 29. f4 Qxc6 30. d5 Qd7 31. Re1 Rd8 32. Re5 b4 33. axb4 axb4
34. Rg5 Rxg5 35. fxg5 Qf5 36. Rf2 Qxg5 37. Rxf7 Qxd5 38. Rf8+ Kg7 39. Rxd8 Qxd8
40. Qxg4+ Kh6 41. Qxc4 Qg5+ 42. Kf2 Qf6+ 43. Kg3 Qxb2 44. Qc6+ Kg7 45. Qd7+ Kg6
46. Qe8+ Kf5 47. Qf7+ Qf6 48. Qd7+ Kg6 49. Qe8+ Kh6 50. Qe4 Qg6+ 0-1

[Event "Camp. Arg. 83 - Semifinal (La Plata)"]
[Site "Calle 46 - No. 581 (La Plata)"]
[Date "2008.07.21"]
[Round "1.10"]
[White "Cirulli, Diego"]
[Black "Needleman, Alejandro"]
[Result "1/2-1/2"]
[WhiteElo "1984"]
[BlackElo "2352"]
[PlyCount "41"]
[EventDate "2008.07.21"]

1. e4 c5 2. Nc3 e6 3. f4 d5 4. Bb5+ Nc6 5. Bxc6+ bxc6 6. d3 Nf6 7. e5 d4 8. Nb1
Nd5 9. Nf3 Be7 10. O-O O-O 11. Na3 f6 12. Bd2 Bd7 13. Qe2 Kh8 14. Nc4 Rg8 15.
g4 Be8 16. Kh1 Rf8 17. Rf2 f5 18. g5 Bh5 19. Qf1 Rb8 20. b3 h6 21. Ng1 1/2-1/2

[Event "Camp. Arg. 83 - Semifinal (La Plata)"]
[Site "Calle 46 - No. 581 (La Plata)"]
[Date "2008.07.22"]
[Round "1.11"]
[White "Duarte, Leonardo"]
[Black "Pacheco, Juan Jose"]
[Result "1-0"]
[WhiteElo "2341"]
[BlackElo "2091"]
[PlyCount "71"]
[EventDate "2008.07.21"]

1. e4 c5 2. Nf3 Nc6 3. d4 cxd4 4. Nxd4 Nf6 5. Nc3 e5 6. Ndb5 d6 7. Bg5 a6 8.
Na3 b5 9. Nd5 Qa5+ 10. Bd2 Qd8 11. Bg5 Qa5+ 12. Bd2 Qd8 13. Bd3 Nxd5 14. exd5
Ne7 15. c4 g6 16. cxb5 Bg7 17. Nc2 O-O 18. Nb4 axb5 19. Bxb5 Qb6 20. a4 Qd4 21.
O-O Qxb2 22. Rb1 Qd4 23. Nc6 Qh4 24. Rb4 Qf6 25. Nxe7+ Qxe7 26. Bc6 Ba6 27.
Bxa8 Bxf1 28. Bb7 Bd3 29. a5 Qc7 30. a6 Qc5 31. Qb3 e4 32. Be3 Qa5 33. Qa4 Qc7
34. Bc6 Rb8 35. a7 Rxb4 36. Qxb4 1-0

[Event "Camp. Arg. 83 - Semifinal (La Plata)"]
[Site "Calle 46 - No. 581 (La Plata)"]
[Date "2008.07.22"]
[Round "1.12"]
[White "Pastor, Juan Martin"]
[Black "Quiroga, Facundo"]
[Result "0-1"]
[WhiteElo "1964"]
[BlackElo "2339"]
[PlyCount "114"]
[EventDate "2008.07.21"]

1. e4 c5 2. Nf3 d6 3. d4 cxd4 4. Nxd4 Nf6 5. Nc3 a6 6. Bg5 e6 7. f4 Qb6 8. Qd2
Qxb2 9. Rb1 Qa3 10. f5 Nc6 11. Nxc6 bxc6 12. Bxf6 gxf6 13. Be2 h5 14. Rb3 Qc5
15. Na4 Qe5 16. Nb6 Bh6 17. Qc3 Qxc3+ 18. Rxc3 Rb8 19. Nxc8 Rxc8 20. Bxa6 Rc7
21. O-O Ke7 22. Rb1 Ra8 23. Rb7 Kd8 24. Rxc7 Kxc7 25. Bc4 Kd7 26. Bb3 h4 27.
Kf2 Ra5 28. Rf3 Bg5 29. Ke2 Re5 30. fxe6+ fxe6 31. Kd3 Ke7 32. g4 hxg3 33. hxg3
Bc1 34. a4 Rg5 35. Kc3 Ba3 36. Bc4 Rg4 37. Bd3 d5 38. exd5 cxd5 39. Kb3 Bd6 40.
a5 Rb4+ 41. Kc3 Ra4 42. a6 e5 43. Rf1 e4 44. Be2 d4+ 45. Kb3 Rb4+ 46. Ka2 Bxg3
47. Rb1 Rxb1 48. Kxb1 Bb8 49. Bg4 Kd6 50. Kc1 Ke5 51. Kd2 f5 52. Be2 f4 53. c3
d3 54. Bf1 f3 55. Ke3 Ba7+ 56. Kd2 Kf4 57. Bh3 Kg3 0-1

[Event "Camp. Arg. 83 - Semifinal (La Plata)"]
[Site "Calle 46 - No. 581 (La Plata)"]
[Date "2008.07.21"]
[Round "1.13"]
[White "Calderon Fernandez, Gervasio Andres"]
[Black "Roque, Fernando"]
[Result "1-0"]
[WhiteElo "2303"]
[BlackElo "1964"]
[PlyCount "51"]
[EventDate "2008.07.21"]

1. d4 Nf6 2. c4 g6 3. Nc3 d5 4. Bg5 c6 5. Bxf6 exf6 6. cxd5 cxd5 7. g3 Bg7 8.
Bg2 Be6 9. Qb3 Nc6 10. e3 O-O 11. Nge2 Na5 12. Qd1 Nc6 13. Nf4 Ne7 14. Qb3 Rc8
15. O-O Qd7 16. Ncxd5 Nf5 17. Nxe6 fxe6 18. Nf4 Rfe8 19. Qxb7 Rc7 20. Qb3 Bh6
21. Nd3 Rec8 22. Nc5 Rxc5 23. dxc5 Rxc5 24. Rac1 Re5 25. Qb8+ Bf8 26. Rc8 1-0

[Event "Camp. Arg. 83 - Semifinal (La Plata)"]
[Site "Calle 46 - No. 581 (La Plata)"]
[Date "2008.07.21"]
[Round "1.14"]
[White "Torres, Maximiliano"]
[Black "Di Benedetto, Guillermo"]
[Result "0-1"]
[WhiteElo "1950"]
[BlackElo "2300"]
[PlyCount "46"]
[EventDate "2008.07.21"]

1. e4 g6 2. Nf3 Bg7 3. d4 c6 4. c4 d5 5. exd5 cxd5 6. Nc3 Nf6 7. Bd3 Nc6 8. c5
O-O 9. O-O b6 10. Bb5 Bd7 11. Bxc6 Bxc6 12. b4 Ne4 13. Qc2 Nxc3 14. Qxc3 a5 15.
cxb6 Qxb6 16. bxa5 Rxa5 17. Ba3 Re8 18. Rfe1 e6 19. Bc5 Qa6 20. a3 Rc8 21. Rab1
Rb5 22. Ne5 Be8 23. Qf3 Bxe5 0-1

[Event "Camp. Arg. 83 - Semifinal (La Plata)"]
[Site "Calle 46 - No. 581 (La Plata)"]
[Date "2008.07.21"]
[Round "1.15"]
[White "Meza, Hugo"]
[Black "Palmiotto, Marcos Ivan"]
[Result "1-0"]
[WhiteElo "2273"]
[BlackElo "1925"]
[PlyCount "89"]
[EventDate "2008.07.21"]

1. d4 d5 2. c4 e6 3. Nc3 Be7 4. cxd5 exd5 5. Bf4 c6 6. e3 Nd7 7. Bd3 Ngf6 8.
Qc2 O-O 9. Nf3 Re8 10. O-O Nf8 11. Rab1 Ng6 12. Bg3 Be6 13. b4 Bg4 14. b5 Bxf3
15. gxf3 c5 16. dxc5 Bxc5 17. Bxg6 hxg6 18. Rfd1 Rc8 19. Nxd5 Nxd5 20. Qb3 Qb6
21. Rxd5 Qf6 22. Kg2 Bb6 23. Rd6 Qf5 24. Rbd1 Rc2 25. R1d3 Rec8 26. R3d5 R2c3
27. Rxf5 Rxb3 28. Rxf7 Kxf7 29. axb3 Rc3 30. Rd7+ Kf6 31. Rxb7 Rxb3 32. Bb8
Rxb5 33. f4 Ra5 34. Be5+ Kf5 35. Rf7+ Ke4 36. Rxg7 Ra2 37. Kg3 Rc2 38. Rxg6 Rc1
39. Kg2 Rc2 40. Rg3 a5 41. h4 a4 42. h5 Bc7 43. h6 Bxe5 44. fxe5 a3 45. h7 1-0

[Event "Camp. Arg. 83 - Semifinal (La Plata)"]
[Site "Calle 46 - No. 581 (La Plata)"]
[Date "2008.07.21"]
[Round "1.16"]
[White "Ruiz, Francisco"]
[Black "Spata, German"]
[Result "0-1"]
[WhiteElo "1921"]
[BlackElo "2250"]
[PlyCount "77"]
[EventDate "2008.07.21"]

1. e4 c5 2. Nf3 Nc6 3. d4 cxd4 4. Nxd4 g6 5. Nc3 Bg7 6. Be3 Nf6 7. Bc4 O-O 8.
Bb3 a5 9. a4 d6 10. f3 Nxd4 11. Bxd4 Be6 12. Nd5 Bxd5 13. Bxd5 Nxd5 14. exd5
Rc8 15. Bxg7 Kxg7 16. Qd4+ Kg8 17. c3 Rc5 18. O-O b5 19. axb5 Rxb5 20. Ra2 Qb8
21. c4 Rc5 22. Rfa1 Rfc8 23. Ra4 Qb3 24. R1a3 Qc2 25. b3 Rb8 26. Qe3 e6 27. Qf4
Qd1+ 28. Kf2 exd5 29. Qxd6 Re8 30. Kg3 Qe1+ 31. Kg4 Qf2 32. Ra2 Qd4+ 33. Qf4
Qc3 34. Qd6 Qd4+ 35. Qf4 Qg1 36. Qd6 dxc4 37. Rxc4 Rh5 38. h3 Qe1 39. Qf6 0-1

[Event "Camp. Arg. 83 - Semifinal (La Plata)"]
[Site "Calle 46 - No. 581 (La Plata)"]
[Date "2008.07.21"]
[Round "1.17"]
[White "Malbran, Guillermo"]
[Black "Araoz, Claudio Alberto"]
[Result "1-0"]
[WhiteElo "2241"]
[BlackElo "1903"]
[PlyCount "72"]
[EventDate "2008.07.21"]

1. e4 d6 2. d4 Nf6 3. Nc3 g6 4. Nf3 Bg7 5. h3 O-O 6. Be3 c6 7. a4 Na6 8. Be2
Nc7 9. O-O a5 10. Nd2 d5 11. e5 Nd7 12. f4 e6 13. Nf3 Qe7 14. Qd2 b6 15. g4 c5
16. Rad1 Bb7 17. Nb5 Nxb5 18. Bxb5 cxd4 19. Bxd4 Ba6 20. Bxa6 Rxa6 21. f5 Bh8
22. f6 Qd8 23. Qh6 Re8 24. Rf2 Qc8 25. h4 Qc4 26. h5 Nf8 27. Kg2 Ra7 28. b3 Qc7
29. Rh1 Qc8 30. Ng5 Qd7 31. hxg6 fxg6 32. f7+ Qxf7 33. Nxf7 Rxf7 34. Rxf7 Kxf7
35. Rf1+ Kg8 36. Qf4 Bg7 1-0

[Event "Camp. Arg. 83 - Semifinal (La Plata)"]
[Site "Calle 46 - No. 581 (La Plata)"]
[Date "2008.07.22"]
[Round "1.18"]
[White "Moscato, Nestor Eduardo"]
[Black "Giampa, Alejandro"]
[Result "0-1"]
[WhiteElo "1901"]
[BlackElo "2237"]
[PlyCount "96"]
[EventDate "2008.07.21"]

1. a3 g6 2. e4 c5 3. c3 Bg7 4. d4 cxd4 5. cxd4 d5 6. e5 Nc6 7. Nf3 Bg4 8. Bb5
Qb6 9. Nc3 e6 10. Qd3 Nge7 11. Be3 Bxf3 12. gxf3 a6 13. Bxc6+ Qxc6 14. Rc1 O-O
15. O-O Rac8 16. Ne2 Qd7 17. Rxc8 Rxc8 18. Rc1 Rxc1+ 19. Bxc1 Nc6 20. b4 Na7
21. Nc3 Bf8 22. Bg5 Nc8 23. Bc1 Nb6 24. Kg2 Qc6 25. Kg1 Be7 26. Kg2 h5 27. Be3
Nc4 28. Bc1 Qc8 29. f4 Kf8 30. Kg1 Ke8 31. Kg2 b5 32. Kg1 Qc6 33. Kg2 Nb6 34.
Bb2 Kd7 35. Kf3 Bd8 36. Kg2 Nc4 37. Bc1 a5 38. Na2 axb4 39. Nxb4 Qa8 40. Kf3
Qa5 41. Qc2 Qa7 42. Qc3 Be7 43. Ke2 Qa4 44. Nc2 Nb6 45. Bb2 Qc4+ 46. Ke3 Qf1
47. Nb4 Nc4+ 48. Kf3 Qd1+ 0-1

[Event "Camp. Arg. 83 - Semifinal (La Plata)"]
[Site "Calle 46 - No. 581 (La Plata)"]
[Date "2008.07.22"]
[Round "1.20"]
[White "Muñiz, Roberto Anibal"]
[Black "Torres, Sergio"]
[Result "0-1"]
[WhiteElo "1867"]
[BlackElo "2202"]
[PlyCount "84"]
[EventDate "2008.07.21"]

1. e4 Nf6 2. e5 Nd5 3. d4 d6 4. Nf3 Bf5 5. Bd3 Bxd3 6. Qxd3 Nc6 7. exd6 Qxd6 8.
Qe4 Nf6 9. Qe2 g6 10. c3 Bg7 11. Nbd2 O-O 12. O-O Qd5 13. Qc4 Qh5 14. Re1 Nd7
15. Ne4 Nb6 16. Qc5 Qg4 17. Ng3 Rad8 18. h3 Qd7 19. Ne4 h6 20. Qa3 Qd5 21. Bf4
Nc4 22. Qb3 N6a5 23. Qc2 Nd6 24. Ned2 Rfe8 25. Ne5 Nc6 26. Ndf3 Nc4 27. Nxc4
Qxc4 28. Qe4 Rd7 29. Qe3 Kh7 30. Qe4 Qb5 31. b3 e6 32. Rad1 Qa5 33. d5 Red8 34.
c4 exd5 35. cxd5 Re7 36. Qc4 Rxe1+ 37. Rxe1 Qxd5 38. Qxd5 Rxd5 39. Bxc7 Rd7 40.
Bf4 Nb4 41. Re2 Rd1+ 42. Kh2 a5 0-1

[Event "Camp. Arg. 83 - Semifinal (La Plata)"]
[Site "Calle 46 - No. 581 (La Plata)"]
[Date "2008.07.22"]
[Round "1.21"]
[White "Sampaoli, Cristian"]
[Black "Coronel, Nestor"]
[Result "1-0"]
[WhiteElo "2201"]
[BlackElo "1839"]
[PlyCount "73"]
[EventDate "2008.07.21"]

1. d4 Nf6 2. c4 e6 3. Nf3 d5 4. e3 Be7 5. Nbd2 O-O 6. Bd3 dxc4 7. Nxc4 Nbd7 8.
O-O b6 9. b3 Bb7 10. Bb2 Ne4 11. Rc1 Ndf6 12. Qe2 c5 13. Rfd1 cxd4 14. Bxd4 Qe8
15. Nce5 Nd6 16. Bb2 Rc8 17. Nd4 Rxc1 18. Rxc1 Qa8 19. Ndc6 Re8 20. Nxe7+ Rxe7
21. Ba3 Qb8 22. Qd1 Nfe8 23. Nc6 Bxc6 24. Rxc6 Rd7 25. Qc2 g6 26. Ba6 Qd8 27.
g3 Qg5 28. Bf1 h5 29. h4 Qg4 30. Be2 Qf5 31. Bd3 Qa5 32. Bb2 Qe1+ 33. Kg2 Nf5
34. Rc8 Kf8 35. e4 Nd4 36. Qc3 Qxc3 37. Bxc3 1-0

[Event "Camp. Arg. 83 - Semifinal (La Plata)"]
[Site "Calle 46 - No. 581 (La Plata)"]
[Date "2008.07.22"]
[Round "1.23"]
[White "Lanza, Luciano"]
[Black "Latrecchiana, Cristian"]
[Result "1/2-1/2"]
[WhiteElo "2188"]
[BlackElo "1773"]
[PlyCount "122"]
[EventDate "2008.07.21"]

1. e4 e5 2. Nf3 Nf6 3. Nxe5 d6 4. Nf3 Nxe4 5. Nc3 Nxc3 6. dxc3 Be7 7. Be3 O-O
8. Qd2 Nc6 9. O-O-O Bf6 10. h3 Bf5 11. Rg1 Ne5 12. Nd4 Bd7 13. f4 Nc6 14. g4
Nxd4 15. cxd4 g6 16. d5 Bg7 17. Bd4 f5 18. g5 Qe7 19. h4 Rfe8 20. Bxg7 Kxg7 21.
Rg3 a6 22. h5 Kg8 23. hxg6 hxg6 24. Rh3 Qg7 25. Bg2 Kf7 26. Qb4 b6 27. Qc4 Rac8
28. Rdh1 Bb5 29. Qb3 Rh8 30. a4 Rxh3 31. Rxh3 Bd7 32. Bf1 Kg8 33. c3 a5 34. Qc4
Qe7 35. Qd4 Qe1+ 36. Kc2 Qe4+ 37. Kb3 Qxd4 38. cxd4 c5 39. dxc6 Bxc6 40. Rc3
Kf8 41. Bg2 Bd7 42. Rxc8+ Bxc8 43. Kc4 Bd7 44. Kd5 Ke7 45. b3 Be6+ 46. Kc6 Bxb3
47. Kxb6 Bxa4 48. Kxa5 Bb3 49. Kb6 Bc4 50. Kc6 Bb3 51. Bf1 Ba4+ 52. Kc7 Bb3 53.
Bb5 Bd5 54. Bc6 Bc4 55. Kb6 Be2 56. Bd5 Bd1 57. Bg8 Ba4 58. Kc7 Bb5 59. Bh7 Be8
60. Bg8 Ba4 61. d5 Be8 1/2-1/2

[Event "Camp. Arg. 83 - Semifinal (La Plata)"]
[Site "Calle 46 - No. 581 (La Plata)"]
[Date "2008.07.22"]
[Round "1.24"]
[White "Lottgering, Enrique"]
[Black "Catelli, Hernan"]
[Result "1/2-1/2"]
[WhiteElo "1760"]
[BlackElo "2176"]
[PlyCount "122"]
[EventDate "2008.07.21"]

1. e4 e6 2. d4 d5 3. Bd3 c5 4. dxc5 Bxc5 5. exd5 exd5 6. Qe2+ Ne7 7. Nf3 O-O 8.
O-O Nbc6 9. c3 f6 10. Be3 Bd6 11. Qc2 g6 12. Nbd2 Nf5 13. Rae1 Kg7 14. Nb3 Nxe3
15. Rxe3 Ne5 16. Nbd4 Re8 17. Rfe1 Bd7 18. Qb3 Bc6 19. Nxc6 bxc6 20. Nxe5 fxe5
21. Qb7+ Qc7 22. Qxc7+ Bxc7 23. h3 e4 24. Bc2 Rab8 25. b3 Rf8 26. R3e2 Bb6 27.
Rf1 Rf6 28. c4 Rbf8 29. b4 h5 30. c5 Bc7 31. Re3 Be5 32. Ra3 R8f7 33. f3 g5 34.
Re1 Bd4+ 35. Kh1 exf3 36. gxf3 Rxf3 37. Rxf3 Rxf3 38. Ba4 Rxh3+ 39. Kg2 Ra3 40.
Bxc6 Rxa2+ 41. Kh1 Rb2 42. Bxd5 Rxb4 43. c6 Bb6 44. c7 Bxc7 45. Re7+ Kf6 46.
Rxc7 a5 47. Rc5 Ra4 48. Bc6 Ra2 49. Rc4 Ke5 50. Re4+ Kf5 51. Rc4 h4 52. Bd7+
Kg6 53. Be8+ Kf6 54. Bd7 Rd2 55. Bg4 Ke5 56. Ra4 Rd5 57. Kg2 Rb5 58. Bd7 Rc5
59. Kh3 Kd6 60. Be8 Rc3+ 61. Kg2 Rc5 1/2-1/2

[Event "Camp. Arg. 83 - Semifinal (La Plata)"]
[Site "Calle 46 - No. 581 (La Plata)"]
[Date "2008.07.21"]
[Round "1.25"]
[White "Bibiloni, Jorge"]
[Black "Barbarito, Damian"]
[Result "1/2-1/2"]
[WhiteElo "2153"]
[BlackElo "1751"]
[PlyCount "79"]
[EventDate "2008.07.21"]

1. e4 e6 2. d3 d5 3. Nd2 c5 4. Ngf3 Nf6 5. c3 Nc6 6. Be2 Be7 7. O-O Qc7 8. a3
a5 9. Re1 b6 10. Bf1 Ba6 11. e5 Nd7 12. d4 Bxf1 13. Nxf1 h6 14. b3 b5 15. c4
bxc4 16. bxc4 Nb6 17. Ne3 Nxd4 18. Nxd4 cxd4 19. cxd5 Qxe5 20. Bb2 Bc5 21. Rb1
O-O 22. Nc2 Qxd5 23. Bxd4 Rfd8 24. Rb5 Rac8 25. Qg4 f6 26. Rxa5 Qc4 27. Rxc5
Rxc5 28. Ne3 Qxd4 29. Qxe6+ Kh8 30. Qxb6 Rc1 31. Qxd8+ Qxd8 32. Rxc1 Qd3 33. g3
Qxa3 34. Rc4 Qd3 35. Kg2 Kh7 36. h4 g5 37. hxg5 hxg5 38. g4 Kg6 39. Rc5 Qe4+
40. Kg3 1/2-1/2

[Event "Camp. Arg. 83 - Semifinal (La Plata)"]
[Site "Calle 46 - No. 581 (La Plata)"]
[Date "2008.07.22"]
[Round "2.1"]
[White "Giampa, Alejandro"]
[Black "Mahia, Gustavo"]
[Result "1-0"]
[WhiteElo "2237"]
[BlackElo "2441"]
[PlyCount "119"]
[EventDate "2008.07.21"]

1. b3 e5 2. Bb2 Nc6 3. e3 a6 4. c4 Nf6 5. Nc3 Bc5 6. Nf3 Ba7 7. Nd5 d6 8. d4 e4
9. Nxf6+ Qxf6 10. Nd2 Qg6 11. d5 Nb4 12. Bc3 Nd3+ 13. Bxd3 exd3 14. Qf3 O-O 15.
Qg3 Bg4 16. Nf3 Bxf3 17. gxf3 b5 18. Kd2 Rab8 19. Rhg1 Qxg3 20. Rxg3 g6 21.
Kxd3 bxc4+ 22. bxc4 f5 23. f4 Kf7 24. Rgg1 Ke7 25. h4 Bc5 26. Rab1 Kd7 27. Rxb8
Rxb8 28. h5 Rg8 29. hxg6 hxg6 30. f3 Re8 31. Bd4 Bxd4 32. Kxd4 Rb8 33. Rxg6 Rb2
34. Rg7+ Kd8 35. a4 Rd2+ 36. Kc3 Re2 37. Kd3 Ra2 38. Rf7 Rxa4 39. Rxf5 Ra1 40.
Rf8+ Ke7 41. Ra8 Rd1+ 42. Ke4 Rc1 43. Rxa6 Rxc4+ 44. Kd3 Rc5 45. e4 Rb5 46. Rc6
Rb7 47. Ke3 Kf6 48. Kf2 Ra7 49. Kg3 Rb7 50. Kg4 Ra7 51. Rc1 Rb7 52. Rh1 Rb2 53.
Kg3 Rc2 54. f5 c5 55. dxc6 Rxc6 56. Rh7 Rc3 57. Kf4 Ra3 58. Rd7 Ra6 59. Rxd6+
Rxd6 60. e5+ 1-0

[Event "Camp. Arg. 83 - Semifinal (La Plata)"]
[Site "Calle 46 - No. 581 (La Plata)"]
[Date "2008.07.22"]
[Round "2.2"]
[White "Torres, Sergio"]
[Black "Pierrot, Facundo"]
[Result "0-1"]
[WhiteElo "2202"]
[BlackElo "2421"]
[PlyCount "66"]
[EventDate "2008.07.21"]

1. e4 c5 2. Nf3 Nc6 3. Bc4 e6 4. Qe2 d6 5. c3 Nf6 6. d4 cxd4 7. cxd4 d5 8. exd5
Nxd5 9. O-O Be7 10. Nc3 O-O 11. a3 Nb6 12. Bd3 Nxd4 13. Nxd4 Qxd4 14. Rd1 Qh4
15. Ne4 e5 16. Be3 Be6 17. g3 Qh3 18. f3 Bb3 19. Rdc1 Qe6 20. Bc5 Rac8 21. Rc3
Na4 22. Rxb3 Nxc5 23. Bc4 Qf5 24. Rc3 Ne6 25. Kg2 Nd4 26. Qd3 Rfd8 27. Rac1 Kf8
28. b4 Nb3 29. Nd6 Qxd3 30. Bxd3 Nxc1 31. Nxc8 Nxd3 32. Rc7 Bd6 33. Rc3 Bb8 0-1

[Event "Camp. Arg. 83 - Semifinal (La Plata)"]
[Site "Calle 46 - No. 581 (La Plata)"]
[Date "2008.07.22"]
[Round "2.3"]
[White "Mavrich, Leandro"]
[Black "Claverie, Raul Ricardo"]
[Result "0-1"]
[WhiteElo "2192"]
[BlackElo "2378"]
[PlyCount "46"]
[EventDate "2008.07.21"]

1. e4 e6 2. b3 d5 3. Bb2 dxe4 4. Nc3 Nf6 5. Qe2 Qd4 6. Na4 Qd5 7. Bxf6 gxf6 8.
Nc3 Qa5 9. Nxe4 Bg7 10. Qg4 O-O 11. Nf3 Kh8 12. Bd3 Nc6 13. Qh4 Nb4 14. Nxf6
Nxd3+ 15. cxd3 Qf5 16. Nxh7 Qxh7 17. Qe7 Qxd3 18. Rc1 b6 19. Qh4+ Kg8 20. Qg4
Ba6 21. Ne5 Qf5 22. Qxf5 exf5 23. f4 Rfe8 0-1

[Event "Camp. Arg. 83 - Semifinal (La Plata)"]
[Site "Calle 46 - No. 581 (La Plata)"]
[Date "2008.07.22"]
[Round "2.4"]
[White "Tristan, Leonardo"]
[Black "Malbran, Guillermo"]
[Result "1-0"]
[WhiteElo "2366"]
[BlackElo "2241"]
[PlyCount "89"]
[EventDate "2008.07.21"]

1. e4 Nf6 2. e5 Nd5 3. c4 Nb6 4. a4 d6 5. a5 N6d7 6. exd6 cxd6 7. d4 g6 8. Nf3
Bg7 9. Be2 O-O 10. O-O Nf6 11. Nc3 a6 12. h3 Nbd7 13. d5 Nc5 14. Be3 e6 15.
dxe6 Bxe6 16. Nd4 Rc8 17. Nxe6 fxe6 18. Bf3 Qc7 19. Re1 Nfd7 20. Bg4 Bxc3 21.
bxc3 Rce8 22. h4 Ne5 23. Be2 Nc6 24. h5 Nxa5 25. hxg6 hxg6 26. Qc2 Kg7 27. Rad1
Nc6 28. Qd2 Ne4 29. Bh6+ Kh7 30. Qe3 Nc5 31. Qh3 Rh8 32. Be3+ Kg8 33. Qg3 Qh7
34. f3 Qh1+ 35. Kf2 Qh4 36. Qxh4 Rxh4 37. Rxd6 Na4 38. Rb1 Rh7 39. Rb3 Ne5 40.
Bd4 Nd7 41. Rxb7 Ndc5 42. Rxh7 Kxh7 43. Rc6 Nd7 44. Rc7 Re7 45. c5 1-0

[Event "Camp. Arg. 83 - Semifinal (La Plata)"]
[Site "Calle 46 - No. 581 (La Plata)"]
[Date "2008.07.22"]
[Round "2.5"]
[White "Restuccia, Francisco"]
[Black "Barrionuevo, Pablo"]
[Result "1-0"]
[WhiteElo "2148"]
[BlackElo "2363"]
[PlyCount "78"]
[EventDate "2008.07.21"]

1. e4 c5 2. d4 cxd4 3. c3 Nf6 4. e5 Nd5 5. Qg4 e6 6. Nf3 Nc6 7. Qe4 f5 8. Qe2
Qc7 9. g3 b5 10. Bg2 a5 11. O-O Ba6 12. Rd1 Bc5 13. Nh4 Nde7 14. Bf4 O-O 15.
Qd2 Rad8 16. Na3 b4 17. Nc2 Qb6 18. Nxd4 bxc3 19. bxc3 Nxd4 20. cxd4 Bb4 21.
Qb2 a4 22. Rab1 Rb8 23. a3 Ba5 24. Qa2 Qc7 25. Rbc1 Qb6 26. Rb1 Bb5 27. d5 Qa6
28. Rxb5 Rxb5 29. dxe6 Qxe6 30. Qe2 Rfb8 31. Rd6 Rb1+ 32. Bf1 Qb3 33. Rxd7 Rb2
34. Qa6 Qc2 35. Be3 Be1 36. Qe6+ Kh8 37. Rxe7 Bxf2+ 38. Kh1 Bxg3 39. Ng2 Rg8
1-0

[Event "Camp. Arg. 83 - Semifinal (La Plata)"]
[Site "Calle 46 - No. 581 (La Plata)"]
[Date "2008.07.22"]
[Round "2.6"]
[White "Perelman, Hernan"]
[Black "Tobares, Leandro"]
[Result "1-0"]
[WhiteElo "2360"]
[BlackElo "2210"]
[PlyCount "44"]
[EventDate "2008.07.21"]

1. d4 Nf6 2. c4 e6 3. g3 Bb4+ 4. Bd2 Qe7 5. Bg2 Nc6 6. Nf3 Bxd2+ 7. Nbxd2 d6 8.
Nf1 O-O 9. Ne3 d5 10. O-O Re8 11. Qc2 Bd7 12. Rfd1 Nb4 13. Qb3 dxc4 14. Nxc4
Bc6 15. a3 Na6 16. Rac1 Bd5 17. Qe3 c5 18. dxc5 Nxc5 19. Nfe5 Rac8 20. b4 Bxg2
21. Kxg2 Red8 22. Rxd8+ Rxd8 1-0